Automotive technology: (Record no. 152)
[ view plain ]
| 000 -LEADER | |
|---|---|
| fixed length control field | 00641nam a22001937a 4500 |
| 005 - DATE AND TIME OF LATEST TRANSACTION | |
| control field | 20230412073418.0 |
| 008 - FIXED-LENGTH DATA ELEMENTS--GENERAL INFORMATION | |
| fixed length control field | 221109b |||||||| |||| 00| 0 eng d |
| 020 ## - INTERNATIONAL STANDARD BOOK NUMBER | |
| International Standard Book Number | 978-981-48-8864-6 (v.1); 978-981-48-8865-3 (v.2) |
| 082 ## - DEWEY DECIMAL CLASSIFICATION NUMBER | |
| Classification number | 629.287 Er68 2020 |
| 100 ## - MAIN ENTRY--PERSONAL NAME | |
| Personal name | Erjavec, Jack |
| Relator term | author |
| 245 ## - TITLE STATEMENT | |
| Title | Automotive technology: |
| Remainder of title | a system approach / |
| Statement of responsibility, etc. | Jack Erjavec, Rob Thompson |
| 250 ## - EDITION STATEMENT | |
| Edition statement | 6th ed. |
| 260 ## - PUBLICATION, DISTRIBUTION, ETC. | |
| Place of publication, distribution, etc. | Singapore: |
| Name of publisher, distributor, etc. | Cengage Learning Asia, |
| Date of publication, distribution, etc. | c2020. |
| 300 ## - PHYSICAL DESCRIPTION | |
| Extent | 2v (xvi, 1712)p.: |
| Other physical details | ill. |
| 500 ## - GENERAL NOTE | |
| General note | Includes index |
| 541 ## - IMMEDIATE SOURCE OF ACQUISITION NOTE | |
| Accession number | 7034 v.1, 7025 v.2 |
| 650 ## - SUBJECT ADDED ENTRY--TOPICAL TERM | |
| Topical term or geographic name entry element | Automobiles - Maintenance and repair |
| 700 ## - ADDED ENTRY--PERSONAL NAME | |
| Personal name | Thompson, Rob |
| Relator term | author |
| Withdrawn status | Lost status | Source of classification or shelving scheme | Damaged status | Not for loan | Home library | Current library | Date acquired | Total Checkouts | Full call number | Barcode | Date last seen | Copy number | Price effective from | Koha item type |
|---|---|---|---|---|---|---|---|---|---|---|---|---|---|---|
| Dewey Decimal Classification | ctu-moalboal | ctu-moalboal | 03/03/2021 | 629.287 Er68 2020 | 7034 | 11/09/2022 | v.1 | 11/09/2022 | Books-Reference | |||||
| Dewey Decimal Classification | ctu-moalboal | ctu-moalboal | 03/03/2021 | 629.287 Er68 2020 | 7035 | 11/09/2022 | v.2 | 11/09/2022 | Books-Reference |